000 00642nam a2200265Ia 4500
005 20260306164246.0
008 008 260114s9999 xx 000 0 eng d
020 _a9780823235551
037 _aEBOOK
040 _aCRL
040 _beng
040 _cCRL
041 _2eng
041 _aeng
084 _qCRL
100 _aEpperson
_91130302
245 0 _aQuantum Mechanics And The Philosophy Of Alfred North Whitehead
260 _bFordham University Press
260 _c2011
650 _aPhilosophy
856 _uhttps://academic.oup.com/book/16330
942 _cEBOOK
999 _c1713393
_d1713393